By-Laws, Rules and Regulations : 2011.

This paper describes by-laws of the IMF. These by-laws state that special meetings of the Board of Governors may be called at any time by the Board of Governors or the Executive Board and shall be called upon the request of fifteen members of the IMF or of members of the IMF having in the aggregate...

Descrición completa

Detalles Bibliográficos
Autor Corporativo: International Monetary Fund
Formato: Revista
Idioma:English
Publicado: Washington, D.C. : International Monetary Fund, 2011.
Series:By Laws, Rules and Regulations; Sixty-Second Issue, May 2011
Acceso en liña:Full text available on IMF
LEADER 01519cas a2200229 a 4500
001 AALejournalIMF015648
008 230101c9999 xx r poo 0 0eng d
020 |z 9781616352158 
022 |a 0250-7307 
040 |a BD-DhAAL  |c BD-DhAAL 
110 2 |a International Monetary Fund. 
245 1 0 |a By-Laws, Rules and Regulations :   |b 2011. 
264 1 |a Washington, D.C. :  |b International Monetary Fund,  |c 2011. 
300 |a 1 online resource (68 pages) 
490 1 |a By Laws, Rules and Regulations 
500 |a <strong>Off-Campus Access:</strong> No User ID or Password Required 
500 |a <strong>On-Campus Access:</strong> No User ID or Password Required 
506 |a Electronic access restricted to authorized BRAC University faculty, staff and students 
520 3 |a This paper describes by-laws of the IMF. These by-laws state that special meetings of the Board of Governors may be called at any time by the Board of Governors or the Executive Board and shall be called upon the request of fifteen members of the IMF or of members of the IMF having in the aggregate one-quarter of the total voting power. Whenever any member of the IMF requests the Executive Board to call a special meeting of the Board of Governors, then the member shall state the reasons. 
538 |a Mode of access: Internet 
830 0 |a By Laws, Rules and Regulations; Sixty-Second Issue, May 2011 
856 4 0 |z Full text available on IMF  |u http://elibrary.imf.org/view/books/016/00936-9781616352158-en/00936-9781616352158-en-book.xml  |z IMF e-Library